Random South American Country Facts - Statistics

General Stats
  • This quiz has been taken 14 times
  • The average score is 9 of 10
Answer Stats
Hint Answer % Correct
Its has disputed claims to the Falkland islands with the United kingdom Argentina
100%
They've won the most world cups Brazil
100%
Second most populated country on the continent Colombia
100%
Lima is its capital Peru
100%
This country is home to the largest waterfall in the world Venezuela
100%
Santiago is its capital Chile
92%
The Galapagos islands belong to this country Ecuador
92%
Only English speaking country on the continent Guyana
92%
This is the only country to not boarder a Spanish speaking country Suriname
92%
They gained independence from Brazil Uruguay
54%
No matching quizzes found
Score Distribution
Percent of People with Each Score
Percentile by Number Answered
Your Score History
You have not taken this quiz